000 00748 a2200205 4500
005 20260218100034.0
008 260218b |||||||| |||| 00| 0 eng d
020 _a9788119996230
_cरु 500.00
040 _aMAIN
082 _a891.433521
_bGG647K
100 _aगोपेश, गोपीकृष्ण, अनु
110 _a गोपेश, अनीता, सम्पा.
245 _aकहानियाँ दूसरी दुनिया की
250 _aLatest edition
260 _bलोकभारती प्रकाशन
_c2024
_aप्रयागराज
300 _a168
650 _aहिन्दी साहित्य
651 _aहिन्दी कहानियाँ
942 _cHN
999 _c394016
_d394016